The growing years of American literature / (Record no. 9078)
[ view plain ]
| 000 -LEADER | |
|---|---|
| fixed length control field | 00683cam a22002411 4500 |
| 001 - CONTROL NUMBER | |
| JCCL Control Number | 9078 |
| 003 - CONTROL NUMBER IDENTIFIER | |
| JCCL marc code | BD-JhCC |
| 005 - DATE AND TIME OF LATEST TRANSACTION | |
| control field | 20180315094756.0 |
| 008 - FIXED-LENGTH DATA ELEMENTS--GENERAL INFORMATION | |
| fixed length control field | 750220s1961 nyu 000 0 eng |
| 035 ## - SYSTEM CONTROL NUMBER | |
| system control number | (BD-JhCC)9078 |
| 040 ## - CATALOGING SOURCE | |
| Original cataloging agency | DLC |
| Transcribing agency | PPStCh |
| Modifying agency | OCoLC |
| -- | Uk |
| -- | DLC |
| -- | BD-JhCC |
| 041 ## - LANGUAGE CODE | |
| Language code of Book | eng |
| 050 00 - LIBRARY OF CONGRESS CALL NUMBER | |
| Classification number | PS507 |
| Item number | .M38 |
| 082 ## - DEWEY DECIMAL CLASSIFICATION NUMBER | |
| Classification number | 810.82 |
| Author mark and Year | MAR 1961 |
| 100 0# - MAIN ENTRY--PERSONAL NAME | |
| Personal name | Mary Adolorata, |
| Titles and other words associated with a name | Sister |
| 245 14 - TITLE STATEMENT | |
| Title | The growing years of American literature / |
| Statement of responsibility, etc | Adolorata Mary |
| 260 ## - PUBLICATION, DISTRIBUTION, ETC. (IMPRINT) | |
| Place of publication, distribution, etc | New York, |
| Name of publisher, distributor, etc | Catholic Education Division, Macmillan |
| Date of publication, distribution, etc | [1961] |
| 300 ## - PHYSICAL DESCRIPTION | |
| Pagination | 318 p. |
| Dimensions | 21 cm. |
| 440 #4 - | |
| Title | The pageant of literature. |
| 650 #0 - SUBJECT ADDED ENTRY--TOPICAL TERM | |
| Topical term or geographic name as entry element | American literature. |
| 942 ## - ADDED ENTRY ELEMENTS (KOHA) | |
| Source of classification or shelving scheme | Dewey Decimal Classification |
| Koha item type | Books |
| Source of classification or shelving scheme | Damaged status | Not for loan | Home library | Current library | Shelving location | Total Checkouts | Full call number | Barcode | Date last seen | Copy number | Koha item type |
|---|---|---|---|---|---|---|---|---|---|---|---|
| Dewey Decimal Classification | JCC Rouf Library | JCC Rouf Library | General Stacks | 810.82 MAR 1961 | 12126 | 03/08/2018 | C - 1 | Books |